000 00491nam a2200181Ia 4500
005 20250508160826.0
008 008 250505s9999 xx 000 0 hin d
037 _aTextual
040 _aFEDL
_beng
_cFEDL
041 _ahin
_2eng
084 _aFH, VAI
_qFEDL
100 _aVairagi Dhananjay
_9769464
245 0 _aNamak ka putla sagar mein
260 _aNew Delhi, India
_bBhartiya Gyanpeeth
_c1972
300 _a342p
942 _cTEXL
_hFH, VAI
999 _c1366823
_d1366823